Návrh výroby beta-galaktozidázy bakalárska práca

Salvato in:
Dettagli Bibliografici
Autore principale: Tóthová, Lenka
Natura: Libro
Lingua:slovacco
Pubblicazione: Bratislava FCHPT STU 2015
Accesso online:Visualizza in OPAC
Tags: Aggiungi Tag
Nessun Tag, puoi essere il primo ad aggiungerne!!

MARC

LEADER 00000nam a2200000 a 4500
005 20260127134415.0
008 151127 2015 000 0 slo d
035 |a vtls011424732 
039 9 |y 201511270750  |z mschk03 
040 |a STUSCHK1  |b slo  |c STUSCHK1  |e AACR2 
100 1 |a Tóthová, Lenka 
245 1 |a Návrh výroby beta-galaktozidázy  |b bakalárska práca  |c Lenka Tóthová 
260 |a Bratislava  |b FCHPT STU  |c 2015 
300 |a 62 s.  |b il.  |c 25 cm 
500 |a Študijný program: chemické inžinierstvo 
500 |a Študijný odbor: chemické inžinierstvo 
500 |a Školiace pracovisko: Odd. chemického a biochemického inžinierstva 
500 |a Evid. číslo: FCHPT-5431-61077 
910 |a SCHK95 
999 |c 12016  |d 12016